| Поле | Название | Значение |
| |
Тип записи |
c |
| |
Библиографический уровень |
m |
| 001 |
Контрольный номер |
RU/УОНБ/EK_N/683904426 |
| 005 |
Дата корректировки |
20251120094050.8 |
| 010 |
Индекс ISBN |
__ |
| 9 |
Тираж |
50000 экз. |
| 013 |
Номер (ISMN) |
__ |
| d |
Цена |
1 р. |
| 071 |
Издательские номер (звукозапись и ноты) |
21 |
| a |
Номер, присвоенный агентством |
4190 |
| 100 |
Данные общей обработки |
__ |
| a |
Данные общей обработки |
20210902d1977 d y0rusy0189||||ca |
| 101 |
Язык документа |
0_ |
| a |
Язык текста |
rus |
| f |
Язык титульного листа |
rus |
| 102 |
Страна публикации |
__ |
| a |
Страна публикации |
RU |
| 105 |
Кодированные данные (монография) |
__ |
| a |
Кодированные данные (монография) |
y###||||000|y |
| 125 |
Кодированные данные звукозаписи и нотных изданий |
__ |
| a |
Форма изложения нотного текста |
с| |
| 128 |
Кодированные данные (звукозаписи-физические характеристики) |
__ |
| a |
Кодированные данные: Музыкальная форма и тональность или лад |
zz |
| b |
Инструменты или голоса, необходимые для ансамблей (устаревшее) |
cd|| |
| 200 |
Заглавие и сведения об ответственности |
1_ |
| a |
Заглавие |
Вып. 4 |
| f |
Первые сведения об ответственности |
сост. Ан. Гаценко и И. Зикс |
| 210 |
Выходные данные |
1_ |
| d |
Дата издания |
1977 |
| 215 |
Физическое описание |
__ |
| a |
Объем |
80 с. |
| 327 |
Примечание о содержании |
11 |
| a |
Примечание о содержании |
Содерж. : Праздник в школе. Львов-Компанеец Д. Все дети на планете / сл. С. Богомазова. - Левина З. Песня Гека : из радиопередачи "Чук и Гек" / сл. В. Коростылёва ; Мы проходили у Кремля / сл. Л. Некрасовой. - Рожавская Ю. Новогодняя песня / сл. Г. Плоткина. - Зив М. В будёновке-шапке / сл. В. Коростылёва. - Бетховен Л. Малиновка / сл. Г. Бюргера. - Мурадели В. Апрель / сл. С. Богомазова. - Гурьев Ю. Маме / сл. Г. Бехлер. - Островский А. Пиогнерская праздничная / сл. Р. Рублёва. - Музыка в пионерском лагере. Лепин А. Летний отдых / сл. О. Высотской. - Баснер В. Там, за рекою : из кф. "Армия Трясогузки снова в бою" / сл. В. Суслова. - Чичков Ю. Музыкант-турист / сл. И. Белякова. - Кабалевский Д. Про Петю / сл. Н. Галь ; Спокойной ночи / сл. В. Викторова. - Мурадели В. Кто делает зарядку - растёт богатырём / сл. М. Садовского. - Иорданский М. Журчит у рощи речка / сл. М. Рыльского. - Блинов Ю. Зимние деньки / сл. С. Вигдорова. - Песни народов мира. Силинь Э. Овощи : пол. нар. песня / сл. Ю. Тувима. - Четыре таракана и сверчок : итал. нар. песня / обраб. А. Долуханяна ; пер. Ю. Батицкого и Р. Виккерса. - Мы самостоятельные : ирланд. нар. песня ; Пойдёмте со мной : норв. нар. песня ; Трубач : швед. нар. песня / обраб. И. Зикса ; пер. Ю. Объедова. - Музыка для школьных праздников и работы в пионерском лагере. Красев М. Полька. - Шостакович Д. Вальс цветов. - Как у наших у ворот : рус. нар. песня. - Сизов Н. Полька. - Молдовеняска : молд. нар. танец. - Ой, лопнул обруч : укр. нар. танец. - Пуни К. Русский танец : из балета "Конёк-Горбунок". - Штраус И. Полька. - Чайковский П. Вальс : из балета "Лебединое озеро". - Компанеец З. Русский танец. - Не стучи и не греми : чеш. полька / обраб. В. Локтева. - Эй, пляши, девчонка : чеш. нар. песня. - Дварионас Б. Вальс. - Дунаевский И. Галоп ; Весенний марш. - Берёзка : старинный вальс. - Краковяк : пол. нар. танец. - Глазунов А. Вальс. - Делиб Л. Вальс : из балета "Коппелия". - Чайковский П. Фрагмент : из балета "Спящая красавица". - Сорокин К. Румынская полька. |
| 461 |
Уровень набора |
_0 |
| 1 |
|
001RU/УОНБ/EK_N/683901462 |
| 1 |
|
200 |
| a |
|
Пение в школе |
| b |
|
Ноты |
| e |
|
в сопровожд. баяна или аккордеона |
| e |
|
пособие для учителя |
| v |
|
Вып. 4 |
| 1 |
|
210 |
| a |
|
М. |
| c |
|
Советский композитор |
| d |
|
1974 - |
| 464 |
Аналитический уровень |
_0 |
| 1 |
|
2001 |
| a |
|
Все дети на планете |
| e |
|
Все дети на планете... |
| 1 |
|
700 1 |
| a |
|
Львов-Компанеец |
| b |
|
Д. |
| 1 |
|
702 1 |
| a |
|
Богомазов |
| b |
|
С. |
| 4 |
|
520 |
| 464 |
Аналитический уровень |
_0 |
| 1 |
|
2001 |
| a |
|
Песня Гека |
| e |
|
Шли вперёд смельчаки... |
| e |
|
из радиопередачи "Чук и Гек" |
| 1 |
|
700 1 |
| a |
|
Ленина |
| b |
|
З. |
| 1 |
|
702 1 |
| a |
|
Коростылёв |
| b |
|
В. |
| 4 |
|
520 |
| 1 |
|
50010 |
| a |
|
Чук и Гек |
| 464 |
Аналитический уровень |
_0 |
| 1 |
|
2001 |
| a |
|
Новогодняя песня |
| e |
|
Над лесом и долиной... |
| 1 |
|
700 1 |
| a |
|
Рожавская |
| b |
|
Ю. |
| 1 |
|
702 1 |
| a |
|
Плоткин |
| b |
|
Г. |
| 4 |
|
520 |
| 464 |
Аналитический уровень |
_0 |
| 1 |
|
2001 |
| a |
|
В будёновке-шапке |
| e |
|
В будёновке-шапке с горящей звездой... |
| 1 |
|
700 1 |
| a |
|
Зив |
| b |
|
М. |
| 1 |
|
702 1 |
| a |
|
Коростылёв |
| b |
|
В. |
| 4 |
|
520 |
| 464 |
Аналитический уровень |
_0 |
| 1 |
|
2001 |
| a |
|
Малиновка |
| e |
|
Скажи, малиновка, зачем... |
| 1 |
|
700 1 |
| a |
|
Бетховен |
| b |
|
Л. |
| 1 |
|
702 1 |
| a |
|
Бюргер |
| b |
|
Г. |
| 4 |
|
520 |
| 464 |
Аналитический уровень |
_0 |
| 1 |
|
2001 |
| a |
|
Апрель |
| e |
|
Звенит капель... |
| 1 |
|
700 1 |
| a |
|
Мурадели |
| b |
|
В. |
| 1 |
|
702 1 |
| a |
|
Богомазов |
| b |
|
С. |
| 4 |
|
520 |
| 464 |
Аналитический уровень |
_0 |
| 1 |
|
2001 |
| a |
|
Маме |
| e |
|
Мама, любимая... |
| 1 |
|
700 1 |
| a |
|
Гурьев |
| b |
|
Ю. |
| 1 |
|
702 1 |
| a |
|
Бехлер |
| b |
|
Г. |
| 4 |
|
520 |
| 464 |
Аналитический уровень |
_0 |
| 1 |
|
2001 |
| a |
|
Пионерская праздничная |
| e |
|
Мы сегодня пораньше проснулись... |
| 1 |
|
700 1 |
| a |
|
Островский |
| b |
|
А. |
| 1 |
|
702 1 |
| a |
|
Рублёв |
| b |
|
Р. |
| 4 |
|
520 |
| 464 |
Аналитический уровень |
_0 |
| 1 |
|
2001 |
| a |
|
Летний отдых |
| e |
|
Дети солнечной страны... |
| 1 |
|
700 1 |
| a |
|
Лепин |
| b |
|
А. |
| 1 |
|
702 1 |
| a |
|
Высотская |
| b |
|
О. |
| 4 |
|
520 |
| 464 |
Аналитический уровень |
_0 |
| 1 |
|
2001 |
| a |
|
Там, за рекою |
| e |
|
Шёл в степи отряд... |
| e |
|
из кф. "Армия Трясогузки снова в бою" |
| 1 |
|
700 1 |
| a |
|
Баснер |
| b |
|
В. |
| 1 |
|
702 1 |
| a |
|
Суслов |
| b |
|
В. |
| 4 |
|
520 |
| 1 |
|
50010 |
| a |
|
Армия Трясогузки снова в бою |
| 464 |
Аналитический уровень |
_0 |
| 1 |
|
2001 |
| a |
|
Музыкант-турист |
| e |
|
На плечах рюкзак тяжёлый... |
| 1 |
|
700 1 |
| a |
|
Чичков |
| b |
|
Ю. |
| 1 |
|
702 1 |
| a |
|
Беляков |
| b |
|
И. |
| 4 |
|
520 |
| 464 |
Аналитический уровень |
_0 |
| 1 |
|
2001 |
| a |
|
Про Петю |
| e |
|
У реки, у речки ветер носит флаги... |
| 1 |
|
700 1 |
| a |
|
Кабалевский |
| b |
|
Д. |
| 1 |
|
702 1 |
| a |
|
Галь |
| b |
|
Н. |
| 4 |
|
520 |
| 464 |
Аналитический уровень |
_0 |
| 1 |
|
2001 |
| a |
|
Кто делает зарядку - растёт богатырём |
| e |
|
Солнце в речке прозрачной умылось... |
| 1 |
|
700 1 |
| a |
|
Мурадели |
| b |
|
В. |
| 1 |
|
702 1 |
| a |
|
Садовский |
| b |
|
М. |
| 4 |
|
520 |
| 464 |
Аналитический уровень |
_0 |
| 1 |
|
2001 |
| a |
|
Журчит у рощи речка |
| e |
|
Журчит у рощи речка... |
| 1 |
|
700 1 |
| a |
|
Иорданский |
| b |
|
М. |
| 1 |
|
702 1 |
| a |
|
Рыльский |
| b |
|
М. |
| 4 |
|
520 |
| 464 |
Аналитический уровень |
_0 |
| 1 |
|
2001 |
| a |
|
Зимние деньки |
| e |
|
Музыка по воздуху зимнему плывёт... |
| 1 |
|
700 1 |
| a |
|
Блинов |
| b |
|
Ю. |
| 1 |
|
702 1 |
| a |
|
Вигдоров |
| b |
|
С. |
| 4 |
|
520 |
| 464 |
Аналитический уровень |
_0 |
| 1 |
|
2001 |
| a |
|
Овощи |
| e |
|
Хозяйка однажды с базара пришла... |
| e |
|
пол. нар. песня |
| 1 |
|
700 1 |
| a |
|
Силинь |
| b |
|
Э. |
| 1 |
|
702 1 |
| a |
|
Тувим |
| b |
|
Ю. |
| 4 |
|
520 |
| 464 |
Аналитический уровень |
_0 |
| 1 |
|
2001 |
| a |
|
Четыре таракана и сверчок |
| e |
|
У дедушки за печкою компания сидит... |
| e |
|
итал. нар. песня |
| 1 |
|
702 1 |
| a |
|
Долуханян |
| b |
|
А. |
| 1 |
|
702 1 |
| a |
|
Батицкий |
| b |
|
А. |
| 4 |
|
730 |
| 1 |
|
702 1 |
| a |
|
Виккерс |
| b |
|
Р. |
| 4 |
|
730 |
| 464 |
Аналитический уровень |
_0 |
| 1 |
|
2001 |
| a |
|
Мы самостоятельные |
| e |
|
Мы собралися вчетвером... |
| e |
|
ирланд. нар. песня |
| 1 |
|
702 1 |
| a |
|
Зикс |
| b |
|
И. |
| 4 |
|
030 |
| 1 |
|
702 1 |
| a |
|
Объедов |
| b |
|
Ю. |
| 4 |
|
730 |
| 464 |
Аналитический уровень |
_0 |
| 1 |
|
2001 |
| a |
|
Полька |
| 1 |
|
700 1 |
| a |
|
Красев |
| b |
|
М. |
| 464 |
Аналитический уровень |
_0 |
| 1 |
|
2001 |
| a |
|
Вальс цветов |
| 1 |
|
700 1 |
| a |
|
Шостакович |
| b |
|
Д. |
| 464 |
Аналитический уровень |
_0 |
| 1 |
|
2001 |
| a |
|
Как у наших у ворот |
| e |
|
рус. нар. песня |
| 464 |
Аналитический уровень |
_0 |
| 1 |
|
2001 |
| a |
|
Полька |
| 1 |
|
700 1 |
| a |
|
Сизов |
| b |
|
Н. |
| 464 |
Аналитический уровень |
_0 |
| 1 |
|
2001 |
| a |
|
Молдовеняска |
| e |
|
молд. нар. танец |
| 464 |
Аналитический уровень |
_0 |
| 1 |
|
2001 |
| a |
|
Ой, лопнул обруч |
| e |
|
укр. нар. танец |
| 464 |
Аналитический уровень |
_0 |
| 1 |
|
2001 |
| a |
|
Русский танец |
| e |
|
из балета "Конёк-Горбунок" |
| 1 |
|
700 1 |
| a |
|
Пуни |
| b |
|
К. |
| 1 |
|
50010 |
| a |
|
Конёк-Горбунок |
| 464 |
Аналитический уровень |
_0 |
| 1 |
|
2001 |
| a |
|
Полька |
| 1 |
|
700 1 |
| a |
|
Штраус |
| b |
|
И. |
| 464 |
Аналитический уровень |
_0 |
| 1 |
|
2001 |
| a |
|
Вальс |
| e |
|
из балета "Лебединое озеро" |
| 1 |
|
700 1 |
| a |
|
Чайковский |
| b |
|
П. |
| 1 |
|
50010 |
| a |
|
Лебединое озеро |
| 464 |
Аналитический уровень |
_0 |
| 1 |
|
2001 |
| a |
|
Русский танец |
| 1 |
|
700 1 |
| a |
|
Компанеец |
| b |
|
З. |
| 464 |
Аналитический уровень |
_0 |
| 1 |
|
2001 |
| a |
|
Не стучи и не греми |
| e |
|
чеш. полька |
| 1 |
|
702 1 |
| a |
|
Локтев |
| b |
|
В. |
| 4 |
|
030 |
| 464 |
Аналитический уровень |
_0 |
| 1 |
|
2001 |
| a |
|
Эй, пляши, девчонка |
| e |
|
чеш. нар. песня |
| 464 |
Аналитический уровень |
_0 |
| 1 |
|
2001 |
| a |
|
Вальс |
| 1 |
|
700 1 |
| a |
|
Дварионас |
| b |
|
Б. |
| 464 |
Аналитический уровень |
_0 |
| 1 |
|
2001 |
| a |
|
Галоп |
| 1 |
|
700 1 |
| a |
|
Дунаевский |
| b |
|
И. |
| 464 |
Аналитический уровень |
_0 |
| 1 |
|
2001 |
| a |
|
Берёзка |
| e |
|
старинный вальс |
| 464 |
Аналитический уровень |
_0 |
| 1 |
|
2001 |
| a |
|
Краковяк |
| e |
|
пол. нар. танец |
| 464 |
Аналитический уровень |
_0 |
| 1 |
|
2001 |
| a |
|
Вальс |
| 1 |
|
700 1 |
| a |
|
Глазунов |
| b |
|
А. |
| 464 |
Аналитический уровень |
_0 |
| 1 |
|
2001 |
| a |
|
Вальс |
| e |
|
из балета "Коппелия" |
| 1 |
|
700 1 |
| a |
|
Делиб |
| b |
|
Л. |
| 1 |
|
50010 |
| a |
|
Коппелия |
| 464 |
Аналитический уровень |
_0 |
| 1 |
|
2001 |
| a |
|
Фрагмент |
| e |
|
из балета "Спящая красавица" |
| 1 |
|
700 1 |
| a |
|
Чайковский |
| b |
|
П. |
| 1 |
|
50010 |
| a |
|
Спящая красавица |
| 464 |
Аналитический уровень |
_0 |
| 1 |
|
2001 |
| a |
|
Румынская полька |
| 1 |
|
700 1 |
| a |
|
Сорокин |
| b |
|
К. |
| 464 |
Аналитический уровень |
_0 |
| 1 |
|
2001 |
| a |
|
Мы проходили у Кремля |
| e |
|
Праздник выступил на площадь... |
| 1 |
|
700 1 |
| a |
|
Левина |
| b |
|
З. |
| 1 |
|
702 1 |
| a |
|
Некрасова |
| b |
|
Л. |
| 4 |
|
520 |
| 464 |
Аналитический уровень |
_0 |
| 1 |
|
2001 |
| a |
|
Спокойной ночи |
| e |
|
День завершён, близится сон... |
| 1 |
|
700 1 |
| a |
|
Кабалевский |
| b |
|
Д. |
| 1 |
|
702 1 |
| a |
|
Викторов |
| b |
|
В. |
| 4 |
|
520 |
| 464 |
Аналитический уровень |
_0 |
| 1 |
|
2001 |
| a |
|
Пойдёмте со мной |
| e |
|
Мешок за плечами и палка в руке... |
| e |
|
норв. нар. песня |
| 1 |
|
702 1 |
| a |
|
Зикс |
| b |
|
И. |
| 4 |
|
030 |
| 1 |
|
702 1 |
| a |
|
Объедов |
| b |
|
Ю. |
| 4 |
|
730 |
| 464 |
Аналитический уровень |
_0 |
| 1 |
|
2001 |
| a |
|
Трубач |
| e |
|
Эй, трубач, не спи так сладко... |
| e |
|
швед. нар. песня |
| 1 |
|
702 1 |
| a |
|
Зикс |
| b |
|
И. |
| 4 |
|
030 |
| 1 |
|
702 1 |
| a |
|
Объедов |
| b |
|
Ю. |
| 4 |
|
730 |
| 464 |
Аналитический уровень |
_0 |
| 1 |
|
2001 |
| a |
|
Весенний марш |
| 1 |
|
700 1 |
| a |
|
Дунаевский |
| b |
|
И. |
| 512 |
Заглавие обложки |
1_ |
| a |
Заглавие обложки |
Пение в школе |
| 606 |
Тематические рубрики |
0_ |
| a |
Основная рубрика |
Песни детские |
| x |
Основная подрубрика |
Учебные пособия |
| 610 |
Ключевые слова |
0_ |
| a |
Ключевые слова |
песни детские |
| 610 |
Ключевые слова |
0_ |
| a |
Ключевые слова |
учебные пособия |
| 686 |
Индексы других классификаций |
__ |
| a |
Классификационный индекс |
85.98я71 |
| 2 |
Код системы |
rubbk |
| 702 |
Вторичная интеллектуальная ответственность |
_1 |
| a |
Фамилия |
Гаценко |
| b |
Имя (инициалы) |
Ан. |
| 4 |
Код отношения |
220 |
| 702 |
Вторичная интеллектуальная ответственность |
_1 |
| a |
Фамилия |
Зикс |
| b |
Имя (инициалы) |
И. |
| 4 |
Код отношения |
220 |
| 801 |
Источник записи |
_0 |
| a |
Страна |
RU |
| b |
Организация |
Ульяновская ОНБ |
| c |
Дата составления |
20210902 |
| g |
Правила каталогизации |
RCR |
| 801 |
Источник записи |
_1 |
| a |
Страна |
RU |
| b |
Организация |
Ульяновская ОНБ |
| c |
Дата составления |
20210902 |
| g |
Правила каталогизации |
RCR |
| 901 |
Тип документа |
__ |
| t |
Тип документа |
n |
| w |
Контрольный № источника |
RU/УОНБ/EK_N/683901462 |
| 909 |
Создатель записи |
__ |
| a |
Создатель записи |
Лобина Л. И. |
| 938 |
Служебная информация |
__ |
| a |
Имя БД |
noti |
| b |
Имя библиотеки |
УОНБ |
| c |
Имя АИБС |
МАРК-SQL |
| d |
Номер DOC_ID в БД |
24492 |